| 000 | 00857nam a2200277Ia 4500 | ||
|---|---|---|---|
| 001 | Para_1709 | ||
| 003 | CHAP | ||
| 008 | 220125s1992 xx 000 0 und d | ||
| 010 | _a200327 | ||
| 040 | _cCHAP | ||
| 082 | _aPA 632.58 C6 1992 | ||
| 111 |
_aCongreso Nacional de la Ciencia de la Maleza (13:1992:Chapingo, Méx.) _9165197 |
||
| 245 |
_aMemoria / _c por Asociación Mexicana de la Ciencia de la Maleza |
||
| 260 |
_aChapingo, Méx. : _b La Asociación |
||
| 300 | _a104 p. | ||
| 650 |
_aMalas hierbas _x congresos _970010 |
||
| 650 |
_aMalas hierbas _x México _970025 |
||
| 710 |
_aAsociación Mexicana de la Ciencia de la Maleza _9165198 |
||
| 901 | _aPA 632.58 C6 1992 | ||
| 902 | _aA | ||
| 905 | _a0000001992 0000000000 00 | ||
| 910 | _a1992 | ||
| 942 | _cPARA | ||
| 942 |
_cPARA _d1 |
||
| 999 |
_c200327 _d200327 |
||